| 000 | 00554nam a22001697a 4500 | ||
|---|---|---|---|
| 999 |
_c9392 _d9392 |
||
| 008 | 210409b ||||| |||| 00| 0 eng d | ||
| 040 | _aBMS College of Architecture | ||
| 100 | _aPattabhi, Usha | ||
| 245 | _aDesign strategy and policy measures for enhancing the image of the heritage city Mysore | ||
| 300 | _a66p. | ||
| 500 | _a1BM12AHD09 | ||
| 502 |
_8M.Arch _NBMS College of Architecture, Visvesvaraya Technological _aDissertation _d2014 |
||
| 650 | _aMysore | ||
| 700 |
_aMamatha P Raj _eGuide |
||
| 700 |
_aShantala V _eGuide |
||
| 942 |
_2ddc _cPGTHE |
||